| 000 | 00721nam a2200205Ia 4500 | ||
|---|---|---|---|
| 005 | 20251020182610.0 | ||
| 008 | 200515s9999 xx 000 0 und d | ||
| 082 | _aSC/628.13/G45 | ||
| 100 | _aGIBSON, Ulric P.SINGER, Rexford | ||
| 245 | 0 | _aManual de los pozos pequeños | |
| 250 | _a2a ed. | ||
| 260 | _aMéxico, D.F. | ||
| 260 | _c1974 | ||
| 300 | _a181 | ||
| 520 | _aProporciona instrucción y guía al personal encargado de la construcción, operación y mantenimiento de pozos de diámetro pequeño, relativamente poco profundos, empleados primordialmente como abastecimientos de agua para particulares y comunidades pequeñas | ||
| 650 | _aBOMBAS | ||
| 650 | _aMANUALES | ||
| 650 | _aPOZOS | ||
| 942 | _cLIB | ||
| 999 |
_c3325 _d3325 |
||